000 00546nam a22001577a 4500
999 _c534461
_d534461
020 _qHard Cover.
082 _a660
100 _aAttaullah
245 _aMultiphase CFD Simulation for Performance Estimation of Forced Feed Venturi Scrubber Using Euler-Lagrange Method / /
_cAttaullah.
260 _aIslamabad:
_bSCME - NUST,
_c2017.
300 _a51 p. :
_bill. ;
_c30cm.
_e+CD
942 _2ddc
_cTHE
650 _aChemical Engineering MS-Thesis.
_916130
700 _aDr. Bilal Khan
_928611